MARC

LEADER 00000nas a2200000 a 4500
001 ssj0000001
003 WaSeSS
005 20200512172242.0
006 m d
007 cr n
008 760422c19529999qucqr p s 0 b0eng
010 |a ce 76300306  
016 7 |a 009849924  |2 Uk 
016 |a (AMICUS)000000131221 
022 |l 0034-379X  |y 0034-379X 
035 |a (WaSeSS)ssj0000001 
037 |b Relations industrielles, Pavillon J.-A.-DeSève, Bureau 3129, Université Laval, Québec, Canada G1K 7P4 
040 |a NLC  |b eng  |c NLC  |d OCL  |d NLC  |d AIP  |d NST  |d NLC  |d NST  |d DLC  |d ZYU  |d OCLCQ  |d SSPSL  |d UKMGB  |d EYM  |d OCLCF  |d OCLCO  |d IUL  |d RDF  |d OCLCO  |d OCLCQ  |d GILDS  |d YLS  |d WaSeSS 
041 0 |a eng  |a fre 
042 |a nlc  |a isds/c  |a pcc 
043 |a n-cn--- 
050 0 0 |a HD8109.Q4  |b Q45 
055 0 1 |a HD8102 
130 0 |a Relations industrielles (Québec, Québec) 
210 0 |a Relat. ind. 
222 0 |a Relations industrielles 
245 1 0 |a Relations industrielles  |h [electronic resource] =  |b Industrial relations. 
246 3 1 |a Industrial relations 
246 1 |i Issues for <winter 2001-> have title: Relations industrielles = Industrial relations:  |a RI/IR 
246 1 |a RI 
246 1 |a IR 
260 |a Québec, Canada :  |b Département des relations industrielles de la Faculté des sciences sociales de l'Université Laval,  |c [1951?-] 
310 |a Quarterly 
362 0 |a Vol. 7, no 1-2 (déc. 1951-mars 1952)- 
500 |a Title from cover. 
506 |a License restrictions may limit access. 
515 |a Some no. are combined. 
546 |a Text in English and French. 
555 |a Vol. 1 (1945)-v. 15 (1960) (Includes index to publication under ealier title). 1 v.; v. 1 (1945)-v. 25 (1970) (Includes index to publication under earlier title) in v. 25; v. 26 (1971)-v. 35 (1980) in v. 35; v. 36 (1981)-v. 45 (1990) in v. 45. 
588 |a Latest issue consulted: 67-3 (summer 2012) (surrogate). 
650 0 |a Industrial relations  |z Canada  |v Periodicals. 
650 0 |a Industrial relations  |v Periodicals. 
650 6 |a Relations industrielles  |v Périodiques. 
650 7 |a Industrial relations.  |2 fast  |0 (OCoLC)fst00971609 
651 7 |a Canada.  |2 fast  |0 (OCoLC)fst01204310 
655 0 |a Electronic journals. 
710 2 |a Université Laval.  |b Département des relations industrielles. 
776 0 8 |i Microfilm version:  |t Relations industrielles (Québec, Québec)  |x 0034-379X  |w (DLC)cn 90080582  |w (OCoLC)21101898 
776 0 8 |i Microfilm version:  |t Relations industrielles (Québec, Québec)  |x 0034-379X  |w (DLC)cn 90071171  |w (OCoLC)21095226 
780 0 0 |t Industrial relations (Québec, Québec)  |x 0034-379X  |w (DLC) 54036302  |w (OCoLC)21101809 
850 |a CoU  |a DLC  |a ICRL  |a NN  |a NcD  |a NjR  |a NNU-L 
856 4 0 |z Full text available from Research Library: 10/01/1992 to present  |u https://search.proquest.com/publication/48950